000 00397nam a2200145Ia 4500
008 230917s9999||||xx |||||||||||||| ||und||
040 _e247380
_aMAIN
041 _aEnglish
082 _a519.287 S58M
100 _aSonia
245 0 _aModeling for reliability, performance and cost-benefit analysis of some redundant technological systems
260 _c2017
300 _a167 p.
942 _cTH
999 _c127700
_d127700